La Virgen Santísima no pecó en Adán ni quedó deudora en el pecado original

Detalles Bibliográficos
Autor principal: SANCHEZ LUCERO, Gonzalo
Formato: Libro
Publicado: Sevilla 1617
Materias:
Colección:Banco de datos
Acervo:Biblioteca del Museo Regional de Querétaro. INAH. Querétaro
Descripción Física:2a parte
Tema general:Mariología
Notas:Regular. 1N1, 4b. Encuadernado en un mismo volumen con siete obras más
LEADER 00781nam a22002050004500
035 |a 20327 
036 |a 237 
100 1 |a SANCHEZ LUCERO, Gonzalo 
245 1 0 |a La Virgen Santísima no pecó en Adán ni quedó deudora en el pecado original 
260 |a Sevilla  |b Alonso Rodríguez Gamarra imp.  |c 1617 
300 |a 2a parte 
500 |a Regular. 1N1, 4b. Encuadernado en un mismo volumen con siete obras más 
650 1 0 |a Mariología 
949 |a C.R.Q. 
959 |a Ex convento Grande de San Francisco de la ciudad de Querétaro, Museo Regional de Querétaro  |b CCC2 
960 |a Convento de Santa Teresa de la ciudad de Querétaro  |b DD97 
961 |a Carmelita  |b OCM 
942 |c C.R.Q. 
943 |g Biblioteca del Museo Regional de Querétaro. INAH. Querétaro 
999 |c 976643  |d 976643